000
00247 a2200097 4500
999
_c
325910
_d
325910
001
90837
003
NUST
082
_a
823.914 DAN
100
_a
Daniyal Mueenuddin
_9
9908
245
_a
In Other Rooms , Other Wonders
_c
Daniyal Mueenuddin
942
_a
CAE NUST
_c
BK
_k
823.914 DAN
_2
ddc